000 00645nam a2200241 i 4500
001 C2-0279633
003 PPAK
005 20180728010802.0
008 070507s1997 nyu |||| ||||| | eng d
020 _a0446517127
040 _aPPAK
_beng
_cPPAK
_erda
082 0 4 _a941.085092
_223
090 0 0 _a941.085092
_bKEL
_dG
100 1 _aKelley, Kitty,
_eauthor
245 1 4 _aThe royals
264 1 _aNew York :
_bWarner Books ,
_c1997
300 _axxi, 547 pages ;
_c23 cm
336 _2rdacontent
_atext
337 _2rdamedia
_aunmediated
338 _2rdacarrier
_avolume
650 1 0 _aQueens - Great Britain - Biography.
942 _ddc
_cB
999 _c86249
_d86249